Microstructural principles of food processing and engineering

Zapisane w:
Opis bibliograficzny
Główni autorzy: Aguilera, José Miguel (Autor), Stanley, David W (Autor)
Format: Książka
Język:angielski
Wydane: Gaithersburg An Spen 1999
Wydanie:2a. ed
Hasła przedmiotowe:
Etykiety: Dodaj etykietę
Nie ma etykietki, Dołącz pierwszą etykiete!

MARC

LEADER 00000nam a2200000 a 4500
001 UCJ0756
003 CL-VaPUC
008 060908e19990000us |||||||||||||||||eng|d
020 |a 0834212560 
082 0 4 |a 664.02  |b AGU  |2 21 
100 0 |a Aguilera, José Miguel  |e author  |9 501084 
700 0 |a Stanley, David W  |e author  |9 501085 
245 1 0 |a Microstructural principles of food processing and engineering 
250 |a 2a. ed 
300 |a 432 p 
942 |c BK 
945 |d 20060908 00:00:00  |a cmena 
260 |a Gaithersburg  |b An Spen  |c 1999 
650 0 |a Análisis de alimentos  |9 361130 
650 7 |a MICROSCOPIA ELECTRONICA  |2 CL-VaPUC  |9 259557 
650 0 |a Composición de los alimentos  |9 259491 
999 |c 317511  |d 317509 
583 |k Rodrigo Vera 
952 |0 0  |1 0  |4 0  |6 664_020000000000000_AGU_1999  |7 0  |8 A  |9 393954  |a BIBING  |b BIBING  |d 2019-11-22  |i 4275888  |o 664.02 AGU 1999  |p 4275888  |r 2025-01-20  |w 2019-11-22  |y BK  |k EIB